000 00963nam a2200301Ia 4500
005 20220317001600.0
007 ta
008 210813r20162018sp d er 000 0 spa d
020 _a9788429151916
040 _aCO-BoRNBP
_bspa
_erda
_cCO-BoRNBP
041 1 _aspa
_heng
082 0 4 _a519.5
_bR67i
_222
100 1 _aRoss, Sheldon M.
_d1943-
_eautor
245 1 0 _aIntroducción a la estadística
_cSheldon M. Ross
250 _aPrimera edición
_bReimpresión
264 1 _aBarcelona
_bEditorial Reverté
_c2014
_c2016
_c2018
300 _axvii, 809 páginas
_bgráficos
_c24 cm
336 _atexto
_btxt
_2rdacontent
337 _asin mediación
_bn
_2rdamedia
338 _avolumen
_bnc
_2rdacarrier
500 _aIncluye índice alfabético
521 _aRecomendado para un público adulto
534 _tIntroductory statistics
650 1 7 _aEstadística
_2LEMB
650 1 7 _aProbabilidades
_2LEMB
650 1 7 _aMuestreo (Estadística)
_2LEMB
942 _2ddc
_cBK
999 _c7436
_d7436